=LDR 00000nam 2200000 4500 =001 INLIS000000000029288 =005 20130612131531 =008 ***********************************ind** =035 ##$$0010-061300000029288 =041 ##$$a ind =082 ##$$a 641.509 598 5 =090 ##$$a 641.509 598 5, SUS m =100 ##$$a Susmayati =245 ##$$a Masakan khas Nusa Tenggara, Bali, Madura dan sekitarnya, Susmayati, H. Asnidar =260 ##$$a 1994 $b Jakarta =300 ##$$a ix, 79 hlm., 21 cm =650 ##$$a Masakan Daerah =700 ##$$a Asnidar, H =850 ##$$a NBPNMAT